|
|
|
|
| LEADER |
01052nab#a2200385#ar4500 |
| 001 |
000041421 |
| 003 |
SVKKK |
| 005 |
00000000000000.0 |
| 008 |
c xo e sloo |
| FMT |
|
|
|
| 038 |
|
|
|a SVKKK
|
| 040 |
|
|
|a SVKKK
|b slo
|e AACR2
|
| 041 |
0 |
|
|a slo
|
| 044 |
|
|
|a xo
|c SK
|
| 080 |
|
|
|a 27
|2 1981
|
| 080 |
|
|
|a 82.0
|2 1981
|
| 100 |
1 |
|
|a Krasnovský, Blažej
|4 aut
|
| 245 |
1 |
0 |
|a Svedectvo o bohatom duchovnom živote
|c Krasnovský Blažej,
|
| 300 |
|
|
|b Fotogr. 1
|
| 600 |
1 |
4 |
|a Babjak, Ján,
|c SJ,
|d ?,
|x kňaz gréckokatolícky, jezuita, spisovateľ náboženský
|
| 600 |
1 |
4 |
|a Krasnovský, Blažej,
|d 1951,
|x spisovateľ cirkevný
|
| 650 |
0 |
4 |
|a rehole
|x Slovensko
|x prehľady
|x recenzie
|
| 773 |
0 |
|
|t Slovo
|g Roč. 30, č. 12(1998), s. 14
|
| 787 |
0 |
8 |
|i Recenze na:
|a Babjak, Ján
|t Rehole a kongregácie na Slovensku
|
| 957 |
|
|
|a Bunkovce
|
| 957 |
|
|
|a Hažín
|
| 957 |
|
|
|a Košice
|
| 958 |
|
|
|a HE
|
| 958 |
|
|
|a KE
|
| 958 |
|
|
|a MI
|
| 974 |
|
|
|d 980902
|a SAB
|
| 992 |
|
|
|a RBX
|
| BAS |
|
|
|
| 852 |
|
|
|a SVKKK
|b BIB
|
| 998 |
|
|
|a REG
|